The Politics of nuclear waste /

Bibliographic Details
Other Authors: Colglazier, E. William (Elmer William)
Format: Book
Language:English
Published: New York : Pergamon Press, [1982]
Series:Pergamon policy studies on energy.
Subjects:

MARC

Tag First Indicator Second Indicator Subfields
LEADER 00000pam a2200000 a 4500
001 in00000050913
005 20151007080035.0
008 810608s1982 nyua b 00100 eng
010 |a  81010589  
020 |a 0080263232 
035 |a (OCoLC)07573367 
035 |9 AAF4173AM 
039 0 |a 2  |b 3  |c 3  |d 3  |e 3 
040 |a DLC  |c DLC  |d TXA  |d UtOrBLW 
043 |a n-us--- 
049 |a TXAM  |c [1805036] 
050 0 0 |a TD898  |b .P64 1982 
082 0 |a 621.48/38  |2 19 
245 0 4 |a The Politics of nuclear waste /  |c edited by E. William Colglazier, Jr. 
264 1 |a New York :  |b Pergamon Press,  |c [1982] 
264 4 |c ©1982 
300 |a xxv, 264 pages :  |b illustrations ;  |c 24 cm. 
336 |a text  |b txt  |2 rdacontent 
337 |a unmediated  |b n  |2 rdamedia 
338 |a volume  |b nc  |2 rdacarrier 
490 1 |a Pergamon policy studies on energy 
500 |a "An Aspen Institute book." 
504 |a Includes bibliographical references and index. 
650 0 |a Radioactive waste disposal  |z United States. 
650 0 |a Nuclear energy  |x Government policy  |z United States. 
700 1 |a Colglazier, E. William  |q (Elmer William) 
830 0 |a Pergamon policy studies on energy. 
999 |a MARS 
999 f f |s c2b8974d-7396-32cd-a641-726ef9369f72  |i 3df9e87b-002b-350a-82d3-1904d0365ee1  |t 0 
952 f f |p ric  |a Texas A&M University  |b Rellis Campus  |c Joint Library Facility  |d Remote Storage  |t 0  |e TD898 .P64 1982  |h Library of Congress classification  |i unmediated -- volume  |m A14805945969 
998 f f |a TD898 .P64 1982  |t 0  |l Remote Storage